02133nam a22002297a 4500003001700000005001700017008004100034020001800075040000700093041001200100082001700112100003200129245003200161260002600193300002500219365006200244520136400306650003501670942001201705999001901717952016701736St Aloysius Coll20260121184640.0260116b |||||||| |||| 00| 0 eng d a9781035035052 cAL aEnglish a895.63bKAWB aToshikazu Kawaguchi9251543 aBefore the coffee gets cold aLondonbPicadorc2019 a213p.bPBc19.5x13cm 2Generala5468b₹440.00c₹d₹550.00e20%f10/01/2026 aThe million-copy bestselling series Toshikazu Kawaguchi’s moving Before the Coffee Gets Cold, translated from Japanese by Geoffrey Trousselot, explores the age-old question: what would you do if you could travel back in time? More importantly, who would you want to meet, maybe for one last time? In a small back alley in Tokyo, there is a cafe which has been serving carefully brewed coffee for more than one hundred years. But this coffee shop offers its customers a unique experience: the chance to travel back in time. In Before the Coffee Gets Cold, we meet four visitors, each of whom is hoping to make use of the cafe’s time-travelling offer, in order to: confront the man who left them, receive a letter from their husband whose memory has been taken by early onset Alzheimer's, see their sister one last time, and meet the daughter they never got the chance to know. But the journey into the past does not come without risks: customers must sit in a particular seat, they cannot leave the cafe, and finally, they must return to the present before the coffee gets col Before The Coffee Gets Cold ToshikazuKawaguchi Japanese Literature TimeTravel Heartwarming Stories Contemporary Fiction Bookstagram Must Read LiteraryFiction Emotional Read Book Lovers Book Recommendations Magic Realism Reading List Thought Provoking Coffee Lovers #BookCommunity 2LiteratureaLiterature9251544 2ddccBK c240765d240765 00102ddc40708MAENGaSACPGbSACPGd2026-01-14eBiblios Book Pointg440.00l4m1o895.63 KAWBpPG025157r2026-04-06 12:50:10s2026-03-21v550.00w0000-00-00yBK